Igék szemantikai klaszterezése bővítménykereteik alapján

A bemutatott kísérlet célja a magyar igék bővítménykereteik alapján történő szemantikai csoportosítása nem felügyelt tanulási módszerrel. A bővítménykereteket a Szeged Treebankből nyertük ki. Az igéket hierarchikus klaszterezési eljárással csoportosítottuk. A cikkben bemutatjuk az eljárást, az eredm...

Teljes leírás

Elmentve itt :
Bibliográfiai részletek
Szerzők: Gábor Katalin
Héja Enikő
Testületi szerző: Magyar Számítógépes Nyelvészeti Konferencia (5.) (2007) (Szeged)
Dokumentumtípus: Könyv része
Megjelent: 2007
Sorozat:Magyar Számítógépes Nyelvészeti Konferencia 5
Kulcsszavak:Nyelvészet - számítógép alkalmazása
Online Access:http://acta.bibl.u-szeged.hu/58670
LEADER 01286naa a2200217 i 4500
001 acta58670
005 20260224081030.0
008 190618s2007 hu o 100 hun d
020 |a 978-963-482-848-8 
040 |a SZTE Egyetemi Kiadványok Repozitórium  |b hun 
041 |a hun 
100 1 |a Gábor Katalin 
245 1 0 |a Igék szemantikai klaszterezése bővítménykereteik alapján  |h [elektronikus dokumentum] /  |c  Gábor Katalin 
260 |c 2007 
300 |a 129-137 
490 0 |a Magyar Számítógépes Nyelvészeti Konferencia  |v 5 
520 3 |a A bemutatott kísérlet célja a magyar igék bővítménykereteik alapján történő szemantikai csoportosítása nem felügyelt tanulási módszerrel. A bővítménykereteket a Szeged Treebankből nyertük ki. Az igéket hierarchikus klaszterezési eljárással csoportosítottuk. A cikkben bemutatjuk az eljárást, az eredményeket, valamint kitérünk a szemantikai osztályok kiértékelésének nehézségeire, és javaslatot teszünk egy új értékelési módszerre. 
695 |a Nyelvészet - számítógép alkalmazása 
700 0 1 |a Héja Enikő  |e aut 
710 |a Magyar Számítógépes Nyelvészeti Konferencia (5.) (2007) (Szeged) 
856 4 0 |u http://acta.bibl.u-szeged.hu/58670/1/msznykonf_005_129-137.pdf  |z Dokumentum-elérés